Normal view
MARC view
Entry Topical Term
001 - CONTROL NUMBER
- control field: 14315
003 - CONTROL NUMBER IDENTIFIER
- control field: OSt
005 - DATE AND TIME OF LATEST TRANSACTION
- control field: 20210601133121.0
008 - FIXED-LENGTH DATA ELEMENTS
- fixed length control field: 210601|| aca||aabn | a|a d
040 ## - CATALOGING SOURCE
- Original cataloging agency: OSt
- Transcribing agency: OSt
150 ## - HEADING--TOPICAL TERM
- Topical term or geographic name entry element: Ecology
- General subdivision: Mathematical models.
670 ## - SOURCE DATA FOUND
- Source citation: Work cat.: (OSt)0: Kokko, Hanna. 14314, Modelling for field biologists and other interesting people /, 2007.
